[Event "FRA-ch Women 2018"]
[Site "Nimes"]
[Date "2018.08.24"]
[Round "7"]
[White "Haussernot, Cecile"]
[Black "Afraoui, Anaelle"]
[Result "0-1"]
[WhiteElo "2198"]
[BlackElo "2041"]
[Annotator "NA"]
[PlyCount "68"]
[EventDate "2018.08.18"]
[EventType "tourn"]
[EventCountry "FRA"]
[SourceTitle "playchess.com"]
[Source "ChessBase"]
[SourceQuality "1"]
[TimeControl "40/5400+30:1800+30"]

1. e4 {[%emt 0:06:29]} c5 {[%emt 0:00:00]} 2. Nf3 {[%emt 0:00:29]} Nc6 {[%emt 0:00:00]} 3. d4 {[%emt 0:00:13]} cxd4 {[%emt 0:00:00]} 4. Nxd4 {[%emt 0:00:07]} Nf6 5. Nc3 {[%emt 0:00:06]} d6 {[%emt 0:04:05]} 6. Bg5 {[%emt 0:00:30]} e6 {[%emt 0:00:47]} 7. Qd2 {[%emt 0:00:04]} Be7 {[%emt 0:00:58]} 8. O-O-O {[%emt 0:04:12]} a6 {[%emt 0:02:46]} 9. f4 {[%emt 0:00:55]} Bd7 {[%emt 0:04:01]} 10. Nf3 {[%emt 0:05:57]} h6 {[%emt 0:02:45]} 11. Bh4 {[%emt 0:01:33]} b5 {[%emt 0:04:28] B67: Sicilian: Richter-Rauzer: 7...a6 8 0-0-0 Bd7, lines without 9 f4 Be7} 12. Bd3 {[%emt 0:03:38]} (12. Bxf6 gxf6 13. Kb1 Qb6 14. Bd3 O-O-O 15. Rhe1 Kb8 16. Ne2 Bc8 17. f5 Ne5 18. Nf4 Rhg8 19. fxe6 fxe6 {½-½ (34) Kraemer,M (2570)-Tazbir,M (2521) Germany 2017}) 12... b4 {[%emt 0:05:47]} 13. Ne2 {[%emt 0:00:39]} Qa5 {[%emt 0:02:47]} 14. Kb1 {[%emt 0:00:35]} Rd8 {[%emt 0:05:41]} 15. Nc1 $146 {[%emt 0:11:01]} ({Predecessor:} 15. Rhe1 e5 16. Bf2 Be6 17. Nc1 exf4 18. Qxf4 O-O 19. Nb3 {0-1 (41) Rantala,J-Raisa,U (2260) Finland 1993}) 15... Qb6 {[%emt 0:04:27]} 16. Qe2 {[%emt 0:08:14]} a5 {[%emt 0:02:02]} 17. g4 {[%emt 0:03:41]} Na7 {[%emt 0:08:34]} 18. g5 {[%emt 0:06:11]} hxg5 {[%emt 0:04:02]} 19. Bf2 $14 {[%emt 0:01:29]} Qb8 {[%emt 0:01:00]} 20. Nxg5 {[%emt 0:02:14]} Nb5 {[%emt 0:02:32]} 21. e5 {[%emt 0:01:09]} dxe5 {[%emt 0:09:46]} 22. Nxf7 {[%emt 0:21:39]} Kxf7 {[%emt 0:08:55]} 23. fxe5 {[%emt 0:00:10]} Nd5 {[%emt 0:03:57]} 24. Qg4 {[%emt 0:00:44]} Qxe5 {[%emt 0:04:29]} 25. Qg6+ {[%emt 0:06:38]} Kg8 {[%emt 0:01:15]} 26. Bxb5 {[%emt 0:01:47]} Bxb5 {[%emt 0:01:49]} 27. Bd4 {[%emt 0:00:09]} Nf4 {[%emt 0:01:06]} 28. Qg1 {[%emt 0:00:04]} Qg5 {[%emt 0:00:17]} 29. Qe3 {[%emt 0:00:05]} Rh7 {[%emt 0:05:03]} 30. Rhg1 {[%emt 0:01:55]} Qf5 {[%emt 0:00:49]} 31. Qg3 {[%emt 0:01:31]} e5 {[%emt 0:00:49]} 32. Bb6 {[%emt 0:02:06]} Rxd1 {[%emt 0:00:46]} 33. Rxd1 {[%emt 0:00:04]} a4 {[%emt 0:01:00]} 34. Qe3 {[%emt 0:01:03]} Rxh2 0-1

[Event "FRA-ch Women 2018"]
[Site "Nimes"]
[Date "2018.08.24"]
[Round "7"]
[White "Safranska, Anda"]
[Black "Benmesbah, Natacha"]
[Result "0-1"]
[WhiteElo "2193"]
[BlackElo "2255"]
[Annotator "NA"]
[PlyCount "90"]
[EventDate "2018.08.18"]
[EventType "tourn"]
[EventCountry "FRA"]
[SourceTitle "playchess.com"]
[Source "ChessBase"]
[SourceQuality "1"]
[TimeControl "40/5400+30:1800+30"]

1. e4 {[%emt 0:00:00]} c5 {[%emt 0:00:00]} 2. g3 {[%emt 0:00:02]} d5 {[%emt 0:03:47]} 3. exd5 {[%emt 0:00:06]} Qxd5 {[%emt 0:00:05]} 4. Nf3 {[%emt 0:00:08]} Bg4 {[%emt 0:01:48]} 5. Bg2 {[%emt 0:00:05]} Nc6 {[%emt 0:00:46]} 6. h3 {[%emt 0:00:06]} Qe6+ {[%emt 0:03:07]} 7. Kf1 {[%emt 0:00:06] LiveBook: 194 Partien} Bh5 {[%emt 0:01:35]} 8. d3 {[%emt 0:00:12]} Qd7 {[%emt 0:04:31]} 9. Na3 {[%emt 0:03:07]} e5 {[%emt 0:09:24] B20: Sicilian: Unusual White 2nd moves} (9... f6 10. Be3 e6 11. Kg1 Bd6 12. Nc4 Nge7 13. Nfe5 Nxe5 14. Qxh5+ g6 15. Nxd6+ Qxd6 16. Qe2 Nd5 17. Bh6 {1-0 (28) Morozevich,A (2711)-Zvjaginsev,V (2660) Moscow 2015}) 10. Nxe5 $2 $146 {[%emt 0:03:03]} (10. Bd2 $11) ({Predecessor:} 10. Be3 Nf6 11. Nc4 Bd6 12. g4 Bg6 13. Nh4 Be7 14. Nxg6 hxg6 15. Qf3 O-O 16. Re1 Rad8 17. Kg1 {0-1 (61) Arakhamia Grant,K (2347)-Bodnaruk,A (2460) Stary Smokovec 2018}) 10... Bxd1 {[%emt 0:00:26]} 11. Nxd7 {[%emt 0:00:03]} Kxd7 {[%emt 0:00:19]} 12. g4 {[%emt 0:21:28]} Nd4 {[%emt 0:02:08]} 13. c3 {[%emt 0:00:26]} Nc2 {[%emt 0:02:17]} 14. Bxb7 {[%emt 0:07:54]} Rb8 {[%emt 0:01:33]} ({Worse is} 14... Nxa1 15. Bxa8 Nc2 16. Kg2 $11) 15. Nxc2 {[%emt 0:01:39]} Rxb7 {[%emt 0:00:07]} 16. Ne1 {[%emt 0:00:28]} Ba4 {[%emt 0:00:32]} 17. b3 {[%emt 0:00:27]} Bc6 {[%emt 0:00:12]} 18. f3 {[%emt 0:00:05]} Bd6 {[%emt 0:01:57]} 19. Kf2 {[%emt 0:00:09]} Ne7 {[%emt 0:00:32]} 20. Ng2 {[%emt 0:00:34]} Nd5 {[%emt 0:02:34]} 21. Bd2 {[%emt 0:00:20]} Re8 {[%emt 0:00:51]} 22. Rab1 {[%emt 0:02:19]} Kc8 {[%emt 0:00:40]} 23. Rhe1 {[%emt 0:01:17]} Rbe7 {[%emt 0:00:29]} 24. Rxe7 {[%emt 0:00:10]} Rxe7 {[%emt 0:00:04]} 25. a3 {[%emt 0:00:10]} f6 {[%emt 0:04:00]} 26. b4 {[%emt 0:06:55]} g5 {[%emt 0:02:38]} 27. c4 {[%emt 0:01:15]} Nf4 {[%emt 0:00:17]} 28. Nxf4 {[%emt 0:01:47]} Bxf4 {[%emt 0:00:04]} 29. Re1 {[%emt 0:01:49]} Rxe1 {[%emt 0:05:33]} 30. Bxe1 {[%emt 0:00:04]} Be5 {[%emt 0:00:13]} 31. b5 {[%emt 0:00:14]} Bb7 {[%emt 0:03:32]} 32. a4 {[%emt 0:00:05]} Kd7 {[%emt 0:02:15]} 33. Ke2 {[%emt 0:00:59]} Ke6 $17 {[%emt 0:01:22]} 34. Bf2 {[%emt 0:00:09]} Kd6 {[%emt 0:01:31]} 35. Be1 {[%emt 0:00:06]} a6 {[%emt 0:02:06]} 36. Ke3 {[%emt 0:00:51]} axb5 {[%emt 0:01:37]} 37. axb5 {[%emt 0:00:04]} Bc8 {[%emt 0:06:16]} 38. Ke2 {[%emt 0:00:08]} h5 {[%emt 0:02:08]} 39. Bd2 {[%emt 0:05:07]} h4 {[%emt 0:02:14]} 40. Be3 {[%emt 0:01:34]} Bd4 {[%emt 0:02:48]} 41. Bd2 {[%emt 0:30:15]} Ke5 {[%emt 0:31:06]} 42. Bc1 {[%emt 0:00:24]} Bb7 {[%emt 0:00:59]} 43. Bd2 {[%emt 0:00:11]} Ke6 {[%emt 0:03:00]} 44. Bc1 {[%emt 0:01:16]} Kf7 {[%emt 0:01:21]} 45. f4 {[%emt 0:06:40]} f5 {[%emt 0:08:33]} 0-1

[Event "FRA-ch Women 2018"]
[Site "Nimes"]
[Date "2018.08.24"]
[Round "7"]
[White "Monpeurt, Cyrielle"]
[Black "Guichard, Pauline"]
[Result "0-1"]
[WhiteElo "2175"]
[BlackElo "2365"]
[Annotator "NA"]
[PlyCount "70"]
[EventDate "2018.08.18"]
[EventType "tourn"]
[EventCountry "FRA"]
[SourceTitle "playchess.com"]
[Source "ChessBase"]
[SourceQuality "1"]
[TimeControl "40/5400+30:1800+30"]

1. e4 {[%emt 0:00:00]} e5 {[%emt 0:00:00]} 2. Bc4 {[%emt 0:00:00]} Nf6 {[%emt 0:01:13]} 3. d3 {[%emt 0:00:14]} Nc6 {[%emt 0:01:58]} 4. Nc3 {[%emt 0:00:26]} Na5 {[%emt 0:06:31]} 5. Qf3 {[%emt 0:00:48]} c6 {[%emt 0:06:59] C28: Vienna Game: 2...Nf6 3 Bc4 Nc6} (5... Nxc4 6. dxc4 Bb4 7. Nge2 d6 8. h3 Be6 9. b3 Nd7 10. O-O Bxc3 11. Nxc3 O-O 12. Qg3 f5 13. Bg5 {½-½ (33) Caruana,F (2822)-Aronian,L (2767) chess.com INT 2018}) 6. Nge2 {[%emt 0:05:54]} b5 {[%emt 0:08:38] LiveBook: 6 Games} 7. Bb3 {[%emt 0:00:05]} Bc5 {[%emt 0:00:09]} 8. h3 {[%emt 0:07:06]} d6 {[%emt 0:03:15]} 9. Ng3 {[%emt 0:07:29]} Nxb3 {[%emt 0:07:02]} 10. axb3 {[%emt 0:00:06]} Be6 $146 {[%emt 0:00:03]} ({Predecessor:} 10... h6 11. O-O O-O 12. Nce2 Re8 13. Nf5 Bxf5 14. Qxf5 {½-½ (41) Klek,H (2327)-Motycakova,M (2207) Stary Smokovec 2018}) 11. Nf5 {[%emt 0:03:15]} Bxf5 {[%emt 0:00:37]} 12. Qxf5 {[%emt 0:00:02]} Qd7 {[%emt 0:01:06]} 13. Qg5 {[%emt 0:05:52]} O-O {[%emt 0:00:38]} 14. O-O {[%emt 0:01:48]} a5 {[%emt 0:02:45]} 15. Kh1 {[%emt 0:02:10]} Ne8 {[%emt 0:04:35]} 16. f4 {[%emt 0:07:18]} f6 $11 {[%emt 0:00:13]} 17. Qh4 {[%emt 0:00:31]} Nc7 {[%emt 0:01:07]} 18. Ne2 {[%emt 0:06:24]} d5 {[%emt 0:03:10]} 19. f5 {[%emt 0:14:44]} Ne8 {[%emt 0:05:32]} 20. Ng3 {[%emt 0:00:24]} Nd6 {[%emt 0:09:17]} 21. Bd2 {[%emt 0:02:26]} a4 {[%emt 0:00:54]} 22. b4 {[%emt 0:08:48]} Bd4 {[%emt 0:01:24]} 23. Ra2 {[%emt 0:03:08]} dxe4 {[%emt 0:03:41]} 24. Nxe4 {[%emt 0:03:43]} Nxf5 {[%emt 0:07:17]} 25. Qg4 {[%emt 0:00:05]} g6 {[%emt 0:00:24]} 26. b3 {[%emt 0:04:03]} Kh8 {[%emt 0:05:14]} 27. Qf3 {[%emt 0:04:31]} Qe6 {[%emt 0:02:17]} 28. c3 {[%emt 0:02:21]} Bb6 {[%emt 0:03:44]} 29. g4 {[%emt 0:00:32]} Nh4 {[%emt 0:03:30]} 30. Qg3 {[%emt 0:00:08]} g5 {[%emt 0:00:49]} 31. Raa1 {[%emt 0:02:00]} axb3 {[%emt 0:02:48]} 32. Rxa8 {[%emt 0:03:17]} Rxa8 {[%emt 0:00:04]} 33. Nxf6 {[%emt 0:02:10]} b2 {[%emt 0:02:53]} 34. Nh5 {[%emt 0:01:16]} b1=Q {[%emt 0:02:16]} 35. Rxb1 {[%emt 0:00:11]} Qd5+ {[%emt 0:00:06]} 0-1

[Event "FRA-ch Women 2018"]
[Site "Nimes"]
[Date "2018.08.25"]
[Round "8"]
[White "Milliet, Sophie"]
[Black "Guichard, Pauline"]
[Result "0-1"]
[WhiteElo "2389"]
[BlackElo "2365"]
[Annotator "TA"]
[PlyCount "100"]
[EventDate "2018.08.18"]
[EventType "tourn"]
[EventCountry "FRA"]
[SourceTitle "playchess.com"]
[Source "ChessBase"]
[SourceQuality "1"]

{[%evp 16,100,28,34,23,29,34,10,12,0,0,0,0,7,18,0,0,-27,-5,-16,-16,-45,-50,-52,-40,-45,-37,-239,-253,-350,-350,-349,-348,-341,-349,-347,-341,-343,-343,-343,-341,-325,-332,-362,-358,-390,-390,-390,-390,-533,-533,-523,-515,-630,-631,-687,-663,-952,-939,-917,-826,-906,-779,-1744,-1347,-4802,-2798,-5468,-5609,-1687,-1292,-5165,-5189,-5619,-5099,-7144,-5097,-29965,-5085,-29973,-29974,-29977,-29976,-29977,-29979,-29979,-29973]} 1. e4 e5 2. Nf3 Nc6 3. Bc4 Nf6 4. d3 Be7 5. O-O O-O 6. Re1 d6 7. a4 Na5 8. Ba2 {C55: Two Knights: 4 d3, 4 d4 exd4 5 e5 and Max Lange Attack} c5 9. Na3 {LiveBook: 26 Games} (9. c3 Nc6 10. Na3 a6 11. Nc2 h6 12. Ne3 Re8 13. h3 Bf8 14. Nd5 Rb8 15. Be3 Be6 {½-½ (43) Van Foreest,J (2629)-Harikrishna,P (2744) Riadh 2017}) 9... a6 10. Bd2 {White has an edge.} Nc6 11. Nc4 $146 ({Predecessor:} 11. h3 Rb8 12. Nc4 Be6 13. a5 Nd7 14. Ne3 Bxa2 15. Rxa2 Re8 {1-0 (55) Sznapik,A (2480)-Sanchez Quiroga,M Salamanca 1988}) 11... b5 12. axb5 axb5 13. Ne3 Be6 14. Bxe6 fxe6 15. Rxa8 Qxa8 16. Qa1 Nh5 17. Qxa8 Rxa8 18. g3 Ra2 19. Rb1 Nd4 20. Ne1 Nf6 $36 {[%mdl 2048] Black has some pressure.} 21. b4 $2 {[#]} ({White should try} 21. Kg2 $15) 21... c4 $1 $19 {[%cal Rc4d3][%mdl 512] And now ...cxd3 would win.} 22. dxc4 Nxe4 23. Rd1 Nxd2 24. Rxd2 bxc4 25. Nxc4 Ra1 26. Kf1 d5 27. Nxe5 Bxb4 28. Rxd4 Bxe1 {[%mdl 4096] Endgame KRB-KRN} ({Weaker is} 28... Rxe1+ 29. Kg2 $15) 29. Ke2 Bc3 30. Kd3 Bxd4 31. Kxd4 {KR-KN} Re1 {Threatens to win with ...Re4+.} 32. Nd3 Re4+ 33. Kc3 Re2 34. h4 e5 35. Nb4 d4+ 36. Kc4 Rxf2 37. Kd5 Re2 38. g4 g6 39. g5 Rh2 40. Kxe5 Rxh4 41. Nc6 Rg4 42. Kf6 Rf4+ 43. Ke6 Kf8 44. Kd6 Ke8 45. Ke6 Rf5 46. Nxd4 Rxg5 47. Kf6 Rg4 {Black mates.} 48. Ne6 h5 49. Ng5 {[#]} Rxg5 $1 50. Kxg5 Kd7 {Precision: White = 18%, Black = 95%.} 0-1

[Event "FRA-ch Women 2018"]
[Site "Nimes"]
[Date "2018.08.25"]
[Round "8"]
[White "Benmesbah, Natacha"]
[Black "Monpeurt, Cyrielle"]
[Result "1-0"]
[WhiteElo "2255"]
[BlackElo "2175"]
[Annotator "TA"]
[PlyCount "75"]
[EventDate "2018.08.18"]
[EventType "tourn"]
[EventCountry "FRA"]
[SourceTitle "playchess.com"]
[Source "ChessBase"]
[SourceQuality "1"]

{[%evp 19,75,-16,0,-16,8,0,9,-7,-4,0,0,0,0,-37,12,0,-7,-157,-15,-14,0,0,0,0,13,4,46,0,114,54,67,44,83,79,166,164,185,104,136,111,177,142,231,205,410,423,651,625,732,727,766,751,1017,973,1601,1502,2029,1952]} 1. e4 e6 2. d4 c5 3. c3 d5 4. exd5 exd5 (4... Qxd5 5. Be3 cxd4 6. cxd4 Nf6 7. Nc3 Qd8 8. Nf3 Be7 9. Bd3 O-O 10. O-O b6 11. Re1 Bb7 12. Qe2 Nd5 13. Bd2 Nxc3 14. bxc3 Nd7 15. c4 Bf6 16. Bc3 Qc7 17. Rad1 Rfd8 18. Qe3 Rac8 {0-1 (37) Bortnyk,O (2581)-Nakamura,H (2779) Doha 2016}) 5. dxc5 Bxc5 6. Nf3 {B22: Sicilian: 2 c3} Nf6 7. Be2 h6 8. O-O O-O 9. Nbd2 {[%cal Bb1d2,Bd2b3,Bb3d4][%mdl 32]} Nc6 10. Nb3 Bd6 $146 {LiveBook: 4 Games} ({Predecessor:} 10... Bb6 11. Nbd4 Re8 12. Be3 Bg4 13. h3 Bh5 14. Bb5 Bxd4 15. cxd4 Rc8 16. g4 Bg6 17. Ne5 {0-1 (30) Pass,D (2002)-Ralle,P (2135) Paris 2010}) 11. Nbd4 Bg4 {[%cal Bc8g4,Bg4h5,Bh5g6][%mdl 32]} 12. Be3 Re8 13. Qd3 Rc8 14. Rfe1 Bb8 15. h3 Bh5 16. Rad1 a6 17. Nxc6 bxc6 18. Nd4 (18. Nh4 $11) 18... Qd6 ({Much less strong is} 18... Bxe2 19. Rxe2 c5 20. Nf5 $11) (18... c5 $17 19. Nf5 Bg6) 19. g3 $11 Bg6 20. Qxa6 Qd7 {[#] White must now prevent ...Rxe3!} 21. Bf1 $1 Ne4 22. Bg2 h5 23. Nf3 Re6 (23... Bc7 $11 {keeps the balance.}) 24. Ng5 ({White should play} 24. c4 $16) 24... Nxg5 $14 25. Bxg5 Rce8 26. Rxe6 fxe6 (26... Qxe6 $16 27. c4 Qe2) 27. a4 $18 Rf8 28. a5 ({Better is} 28. h4 $18) 28... Ba7 $16 29. Rf1 e5 (29... h4 $16 {might work better.}) 30. Qe2 e4 (30... Kh7 $16 31. b4 (31. Qxe5 Bd3 $14) 31... e4) 31. b4 $18 {[%cal Bb2b4,Bb4b5,Bb5b6][%mdl 32]} c5 $2 {[#]} (31... h4 {was necessary.}) 32. b5 Qf5 (32... Bb8 $142 33. b6 Qc6) 33. h4 Bb8 34. b6 Qe6 35. Qb5 e3 36. Bxe3 Bxg3 37. Qxc5 Bd6 38. Bxd5 {Precision: White = 54%, Black = 16%.} 1-0

[Event "FRA-ch Women 2018"]
[Site "Nimes"]
[Date "2018.08.25"]
[Round "8"]
[White "Navrotescu, Andreea-Cristiana"]
[Black "Haussernot, Cecile"]
[Result "0-1"]
[WhiteElo "2247"]
[BlackElo "2198"]
[Annotator "TA"]
[PlyCount "100"]
[EventDate "2018.08.18"]
[EventType "tourn"]
[EventCountry "FRA"]
[SourceTitle "playchess.com"]
[Source "ChessBase"]
[SourceQuality "1"]

{[%evp 21,100,-8,0,-12,-8,-29,0,0,0,0,21,7,13,12,10,12,10,14,20,17,7,0,0,8,8,16,12,0,0,-8,6,0,28,6,7,-147,-160,-157,-146,-158,-150,-139,-141,-169,-168,-162,-162,-216,-206,-558,-558,-558,-554,-1064,-1032,-1520,-1483,-1492,-1431,-1270,-1219,-883,-550,-438,-379,-406,-352,-841,-417,-565,-565,-29970,-29971,-29981,-29981,-29989,-29990,-29992,-29993,-29993,-29994]} 1. d4 d5 2. c4 c6 3. Nf3 Nf6 4. e3 e6 5. Nc3 Nbd7 6. Bd2 Bd6 7. Bd3 dxc4 {D45: Semi-Slav: 5 e3} 8. Bxc4 b5 9. Bd3 O-O 10. Ne4 Nxe4 11. Bxe4 Bb7 {LiveBook: 6 Games} 12. b4 Qe7 13. Qb1 $146 ({Predecessor:} 13. a3 f5 14. Bc2 e5 15. Bc3 e4 16. Nd2 Nf6 {1-0 (37) Mamedyarov,S (2760)-Gelfand,B (2737) Nice 2008}) 13... f5 14. Bd3 Nf6 15. O-O Ne4 16. Be1 c5 17. bxc5 Nxc5 18. Be2 $1 Ne4 ({Reject} 18... Bxf3 19. Bxf3 Ne4 20. Bxe4 $16 (20. Qxb5 Rab8 $14)) 19. Qxb5 Rab8 {Strongly threatening ...Ng5.} 20. Qd3 Bd5 21. Ba5 Rb2 22. Rfb1 Rfb8 23. Rxb2 Rxb2 24. a4 h6 25. Rc1 Qb7 26. Be1 Kh7 27. Qa6 Qe7 28. Ne5 $2 ({White should play} 28. Bd3 $11) 28... Bxe5 $1 $17 29. dxe5 Nc5 30. Qd6 Qg5 $1 {[%csl Gd5][%cal Rg5g2]} ({Inferior is} 30... Qxd6 31. exd6 Rxe2 32. Kf1 $14) 31. Bf1 {[#]} Nd3 $1 {[%cal Rd3c1][%mdl 512]} 32. Rd1 (32. Bxd3 Qxg2#) 32... Nxe1 33. Rxe1 Qh4 $1 {[%csl LRa4,LRf2]} 34. Be2 (34. Re2 {might work better.} Rb6 35. Qc5) 34... Qxa4 $40 {[%mdl 128] White is in trouble.} 35. Bf3 $2 {[#]} (35. Qa6 {is tougher.} Qb4 36. Rd1) 35... Qc2 $1 {[%cal Rc2f2]} ({Less strong is} 35... Bxf3 36. gxf3 Qa2 37. Rf1 $17) 36. Rf1 Rb1 37. Be2 Qe4 {[%csl Gd5][%cal Re4g2]} 38. Bf3 Rxf1+ 39. Kxf1 Qb1+ 40. Ke2 Qc2+ 41. Ke1 Qc3+ 42. Kd1 Bb3+ 43. Ke2 Qc1 {( -> ...Bc4+)} 44. Bc6 $2 (44. Bh5 Bd5 45. Qb4) 44... a5 (44... Bc4+ $142 45. Kf3 {[#]} Bd5+ $1 {[%mdl 512]} 46. Kg3 Qxc6) 45. h3 a4 46. Be8 a3 {Black mates.} 47. Bf7 a2 48. Bxe6 Bxe6 49. Qxe6 Qc2+ 50. Kf3 a1=Q {Precision: White = 28%, Black = 64%.} 0-1

[Event "FRA-ch Women 2018"]
[Site "Nimes"]
[Date "2018.08.25"]
[Round "8"]
[White "Bollengier, Andreea"]
[Black "Leconte, Maria"]
[Result "1/2-1/2"]
[WhiteElo "2219"]
[BlackElo "2224"]
[Annotator "TA"]
[PlyCount "119"]
[EventDate "2018.08.18"]
[EventType "tourn"]
[EventCountry "FRA"]
[SourceTitle "playchess.com"]
[Source "ChessBase"]
[SourceQuality "1"]

{[%evp 20,119,39,31,31,32,30,24,26,26,29,29,39,39,47,28,47,47,73,60,66,64,159,136,136,113,139,53,71,56,56,54,72,59,83,41,84,63,194,168,194,194,194,194,192,187,187,173,164,70,237,244,225,216,362,31,17,0,0,-54,-54,-48,111,90,88,95,165,154,154,155,168,155,141,161,277,271,264,264,264,210,214,233,273,45,38,0,240,187,232,8,8,8,8,0,8,0,0,0,4,0,8,0]} 1. d4 Nf6 2. Nf3 b6 3. g3 Bb7 4. Bg2 e6 5. O-O d5 6. c4 Be7 7. cxd5 exd5 8. Qa4+ c6 9. Ne5 O-O 10. Nc3 b5 {E17: Damenindisch (Hauptfortsetzung)} 11. Qc2 {LiveBook: 3 Partien} (11. Qb3 a5 12. Bf4 a4 13. Qc2 a3 14. bxa3 Rxa3 15. Rfb1 Qa5 16. Bd2 b4 17. Nd1 Ba6 18. Ne3 {1-0 (27) Hovhannisyan,M (2456)-Hautot,S (2338) Charleroi 2018}) 11... Nbd7 12. Nxd7 Qxd7 {Weiß steht etwas besser.} 13. Bg5 Rfe8 14. Bxf6 $146 ({Vorgänger:} 14. Rfd1 Rad8 15. Rac1 Qe6 16. e3 h6 17. Bxf6 Bxf6 18. Nb1 Rd6 19. Nd2 Bc8 {½-½ (69) Cazzaniga,W (2160)-Valenti,G (2245) Corsico 1994}) 14... Bxf6 15. e3 Rac8 16. Ne2 {[%cal Bc3e2,Be2f4,Bf4d3,Bd3c5][%mdl 32]} Qd6 17. Rac1 Be7 18. Nf4 Bg5 19. Nd3 Rc7 20. a4 Ree7 (20... a6 $14) 21. Qb3 a6 22. axb5 axb5 23. Ra1 (23. Rc5 $16) 23... h5 24. Nc5 h4 25. Rfe1 hxg3 26. hxg3 Bc8 27. Ra8 {Und Sa6 würde nun gewinnen.} Kh7 28. e4 {[%cal Be3e4,Be4e5][%mdl 32]} Bf5 (28... dxe4 $14 29. Nxe4 Qg6) 29. f4 $36 {[%mdl 2048] Schwarz steht unter starkem Druck.} Bh6 30. e5 $1 {[%cal Re5d6]} Qg6 31. Kf2 $1 Rc8 32. Ra6 f6 33. e6 Qe8 34. Qe3 (34. Bf3 $18) 34... Ra8 $2 (34... g5 $1 $14) 35. Rxa8 $18 Qxa8 36. Bf3 Qa2 (36... Kg8 $142 37. Rh1 Qb8) 37. Re2 $2 (37. Qd2 $18) 37... g5 $1 $14 38. g4 gxf4 39. Qc1 ({Lieber} 39. Qc3 $11 Bg6 40. Nd7) 39... Bg6 $15 40. Nd7 Qa7 $2 (40... Qc4 $15 {bleibt weiter vorne.} 41. Nxf6+ Kg7 42. Qxc4 bxc4) 41. Qxc6 $16 Qxd4+ 42. Kg2 {Dd6 ist eine echte Drohung.} Be4 (42... Bg5 $16 {war einen Versuch wert.}) 43. Bxe4+ $18 dxe4 44. Qxe4+ Qxe4+ 45. Rxe4 {[%mdl 4096] Endspiel KTL-KTS} Kg6 46. Kf3 f5 (46... Re8 $142 47. Nb6 Bf8) 47. gxf5+ Kxf5 48. Re5+ Kg6 49. b3 (49. Rxb5 Rxe6 50. Ne5+ Kf6 $14) 49... Re8 {[#]} 50. Kg4 $1 (50. Rxb5 Rxe6 51. Ne5+ Kf6 $14) 50... Re7 51. Nc5 $2 ({Weniger gut wäre} 51. Rxb5 Rxe6 52. b4 Re3 $14) ({Günstiger ist} 51. Re4 $18) 51... Kf6 $14 52. Nd7+ $2 (52. Rf5+ $14 Kg6 53. Re5) 52... Kg6 $18 53. Re2 ({Nicht} 53. Rxb5 Rxe6 54. Ne5+ Kf6 $11) 53... Re8 {[#]} 54. Kf3 $2 (54. Nb6 $1 $18) 54... Kf5 $11 {Die Stellung ist ausgeglichen.} 55. e7 {Droht stark Te5+.} Bg5 56. Re5+ Kg6 57. Nf8+ Kf6 $1 {[%cal Rf6e5]} 58. Nd7+ Kg6 59. Nf8+ Kf6 $1 {[%cal Rf6e5]} 60. Nd7+ {Precision: Weiß = 45%, Schwarz = 43%.} 1/2-1/2

[Event "FRA-ch Women 2018"]
[Site "Nimes"]
[Date "2018.08.25"]
[Round "8"]
[White "Afraoui, Anaelle"]
[Black "Safranska, Anda"]
[Result "0-1"]
[WhiteElo "2041"]
[BlackElo "2193"]
[Annotator "NA RC"]
[PlyCount "110"]
[EventDate "2018.08.18"]
[EventType "tourn"]
[EventCountry "FRA"]
[SourceTitle "playchess.com"]
[Source "ChessBase"]
[SourceQuality "1"]
[TimeControl "40/5400+30:1800+30"]

1. e4 {[%emt 0:00:00]} g6 {[%emt 0:00:00]} 2. d4 {[%emt 0:00:00]} Bg7 {[%emt 0:00:00]} 3. Nc3 {[%emt 0:00:00]} c6 {[%emt 0:00:00]} 4. Nf3 {[%emt 0:00:30]} d6 {[%emt 0:00:20]} 5. Be3 {[%emt 0:01:39]} b5 {[%emt 0:02:20]} 6. Bd3 {[%emt 0:01:11]} Nd7 {[%emt 0:04:49]} 7. Qd2 {[%emt 0:01:16]} a6 {[%emt 0:01:24]} 8. O-O {[%emt 0:03:24]} e5 {[%emt 0:02:49]} 9. a4 {[%emt 0:03:19]} b4 {[%emt 0:08:46]} 10. Ne2 {[%emt 0:02:34]} a5 {[%emt 0:16:21]} 11. c3 {[%emt 0:08:32]} bxc3 {[%emt 0:01:08]} 12. Nxc3 {[%emt 0:01:22]} Ngf6 {[%emt 0:01:16]} 13. h3 {[%emt 0:07:12]} O-O {[%emt 0:00:17]} 14. Rfd1 {[%emt 0:00:43]} Qe7 {[%emt 0:01:49]} 15. Rac1 {[%emt 0:03:21]} Ba6 {[%emt 0:00:50]} 16. Bxa6 {[%emt 0:08:28]} Rxa6 {[%emt 0:00:04]} 17. Qe2 {[%emt 0:01:28]} Raa8 {[%emt 0:00:22]} 18. dxe5 {[%emt 0:02:48]} dxe5 {[%emt 0:01:57]} 19. Nd2 {[%emt 0:01:25]} Rfb8 {[%emt 0:02:22]} 20. Nc4 {[%emt 0:05:57]} Nc5 {[%emt 0:00:47]} 21. Rd6 {[%emt 0:08:37]} Nb3 {[%emt 0:14:14]} 22. Rcd1 {[%emt 0:02:16]} Qc7 {[%emt 0:14:56]} 23. Qf3 {[%emt 0:13:22]} Rb4 {[%emt 0:04:53]} 24. Bb6 {[%emt 0:05:03]} Rxb6 {[%emt 0:03:05]} 25. Nxb6 {[%emt 0:02:09]} Qxb6 {[%emt 0:00:20]} 26. Nb5 {[%emt 0:02:50]} Nc5 {[%emt 0:13:33]} 27. Nc3 {[%emt 0:04:03]} Ne6 {[%emt 0:00:39]} 28. Nd5 {[%emt 0:02:20]} Nxd5 {[%emt 0:00:05]} 29. exd5 {[%emt 0:00:34]} Nd4 {[%emt 0:00:06]} 30. Qe4 {[%emt 0:01:01]} Qc5 {[%emt 0:01:44]} 31. Rd7 {[%emt 0:01:08]} cxd5 {[%emt 0:00:53]} 32. Rxd5 {[%emt 0:00:45]} Qa7 {[%emt 0:00:49]} 33. Rc1 {[%emt 0:01:52]} Rb8 {[%emt 0:01:49]} 34. Rcc5 {[%emt 0:01:13]} Qb6 {[%emt 0:00:36]} 35. Rxa5 {[%emt 0:01:29]} Qxb2 {[%emt 0:00:13]} 36. Rd7 {[%emt 0:00:44]} Ne2+ {[%emt 0:00:40]} 37. Kh2 {[%emt 0:00:23]} Nf4 {[%emt 0:00:27]} 38. Qc4 {[%emt 0:00:44]} Ne6 {[%emt 0:00:23]} 39. f3 {[%emt 0:02:35]} Qf2 {[%emt 0:01:14]} 40. Raa7 {[%emt 0:00:47]} Rb2 {[%emt 0:00:26]} 41. Qg4 {[%emt 0:12:33]} h5 {[%emt 0:09:12]} 42. Qg3 {[%emt 0:00:14]} Qxg3+ {[%emt 0:01:57]} 43. Kxg3 {[%emt 0:00:05]} h4+ {[%emt 0:03:01]} 44. Kh2 {[%emt 0:02:40]} Bh6 {[%emt 0:00:07]} 45. Rab7 {[%emt 0:02:07]} Ra2 {[%emt 0:02:21]} 46. Rb8+ {[%emt 0:06:02]} Kg7 {[%emt 0:00:41]} 47. Rbb7 {[%emt 0:01:31]} Bf4+ {[%emt 0:01:11]} 48. Kg1 {[%emt 0:00:11]} Ng5 {[%emt 0:03:54]} 49. Rb4 {[%emt 0:03:06]} Bg3 {[%emt 0:01:29]} 50. Kf1 {[%emt 0:03:05]} Ne6 {[%emt 0:00:42]} 51. Rbb7 {[%emt 0:01:38]} Nf4 {[%emt 0:02:31]} 52. Rxf7+ {[%emt 0:01:37]} Kh6 {[%emt 0:00:03]} 53. Rxf4 {[%emt 0:01:55]} Bxf4 {[%emt 0:00:37]} 54. Ra7 {[%emt 0:00:23]} Be3 {[%emt 0:00:08]} 55. Ra5 {[%emt 0:00:46]} Bd4 {[%emt 0:00:04]} 0-1